Top 10 deutsche Verben in Romanen - Statistiken

Allgemein
  • Dieses Quiz wurde 238 mal gespielt
  • Das Durchschnittsergebnis liegt bei 6 aus 10
Antwortstatistiken
Platz Verb % Korrekt
10 gehen
86%
1 sein
86%
5 sagen
80%
2 haben
71%
8 wollen
60%
4 können
58%
6 sehen
58%
3 werden
54%
7 müssen
46%
9 kommen
24%
Keine übereinstimmenden Quizze gefunden
Verteilung der Resultate
Anzahl Personen mit jedem Resultat
Perzentil nach korrekt beantworteten Fragen
Ihre Resultats-Entwicklung
Sie haben dieses Quiz noch nicht gespielt